000 01269nam a2200325 a 4500
001 000038725
003 DO-SdBNP
005 20250618144746.0
007 ta
008 110427s2003 dr 000 0 spa d
040 _aDO-SdBNP
_bspa
_cBNPHU
_erda
082 4 _a345.025
_bR426L
_222
110 1 _aRepública Dominicana.
_bSecretaría de Estado de la Mujer
_938238
240 1 0 _a[Leyes, etc.]
245 1 0 _aLey 137-03 sobre tráfico ilícito de migrantes y trata de personas :
_bno. 137-03.
264 1 _aSanto Domingo :
_bSecretaría de Estado de la Mujer,
_c2003.
300 _a29 páginas ;
_c21 cm.
336 _atexto
_btxt
_2rdacontent
337 _asin mediación
_bn
_2rdavolumen
338 _avolumen
_bnc
_2rdacarrier
590 _aInventariado,2018/DG
650 4 _aEmigración e inmigración
_xLegislación
_zRepública Dominicana
_956697
650 4 _aCrimen organizado
_xLegislación
_zRepública Dominicana
_956698
650 4 _aMujeres
_xCuestiones sociales y morales
_zRepública Dominicana
_97010
651 4 _aRepública Dominicana
_xLeyes
_916541
651 4 _aRepública Dominicana
_xLey 137-03
_956699
710 1 _aRepública Dominicana.
_bSecretaría de Estado de la Mujer
_938238
910 _aValidado. Control de caliad MFF
942 _2ddc
_cLF2
999 _c38215
_d38215